000 00839cab a2200265 4500
001 ABS57896
008 090401t1997 xxu||||| |||| 00| 0 eng d
035 _a(Sirsi) u82443
041 _aeng
245 _aSurvey: Business locations
260 _c1997
350 _a0
490 _aInvestors Chronicle
_v122(1554) 21 November 1997, 39-48(7)
520 _aVarious brief articles on select business location around the world, looking at several issues - regional development agencies and devolution. Places include, Hong Kong, Paris and London, Cardiff and Edinburgh.
650 _aBUSINESS LOCATIONS
650 _aDEVOLUTION
650 _aFRANCE
650 _aHONG KONG
650 _aLONDON
650 _aMILTON KEYNES
650 _aPARIS
690 _aPROPERTY-COMMERCIAL PROPERTY
942 _n0
948 _c01/12/1997
999 _c52061
_d52061